<?xml version="1.0" encoding="UTF-8"?>
<record
    xmlns:xsi="http://www.w3.org/2001/XMLSchema-instance"
    xsi:schemaLocation="http://www.loc.gov/MARC21/slim http://www.loc.gov/standards/marcxml/schema/MARC21slim.xsd"
    xmlns="http://www.loc.gov/MARC21/slim">

  <leader>01985nam a2200325 i 4500</leader>
  <controlfield tag="003">EG-GICUC</controlfield>
  <controlfield tag="005">20260427121715.0</controlfield>
  <controlfield tag="008">260427s1968    au ||||fr|||| 00| 0 ara d</controlfield>
  <datafield tag="040" ind1=" " ind2=" ">
    <subfield code="a"> EG-GICUC</subfield>
    <subfield code="b">ara</subfield>
    <subfield code="c"> EG-GICUC</subfield>
    <subfield code="d"> EG-GICUC</subfield>
    <subfield code="e">rda</subfield>
  </datafield>
  <datafield tag="041" ind1="0" ind2=" ">
    <subfield code="a">ara</subfield>
  </datafield>
  <datafield tag="082" ind1="0" ind2="4">
    <subfield code="2">21</subfield>
    <subfield code="a">345.6651</subfield>
    <subfield code="b">&#x639; &#x628; . &#x62D; </subfield>
  </datafield>
  <datafield tag="092" ind1="0" ind2="4">
    <subfield code="2">21</subfield>
  </datafield>
  <datafield tag="099" ind1=" " ind2=" ">
    <subfield code="a">Law1 07 345.6651 &#x639; &#x628; . &#x62D; - 1 ed 1968 </subfield>
  </datafield>
  <datafield tag="100" ind1="0" ind2=" ">
    <subfield code="a">&#x639;&#x628;&#x62F; &#x627;&#x644;&#x645;&#x646;&#x639;&#x645; &#x62D;&#x633;&#x646;&#x64A; </subfield>
    <subfield code="e">Author.</subfield>
  </datafield>
  <datafield tag="245" ind1="1" ind2="2">
    <subfield code="a">&#x627;&#x644;&#x62D;&#x62C;&#x632; &#x627;&#x644;&#x625;&#x62F;&#x627;&#x631;&#x64A; : </subfield>
    <subfield code="b">( &#x639;&#x644;&#x645;&#x64B;&#x627; &#x648;&#x639;&#x645;&#x644;&#x627; ) / </subfield>
    <subfield code="c">&#x639;&#x628;&#x62F; &#x627;&#x644;&#x645;&#x646;&#x639;&#x645; &#x62D;&#x633;&#x646;&#x64A; .</subfield>
  </datafield>
  <datafield tag="250" ind1=" " ind2=" ">
    <subfield code="a">&#x627;&#x644;&#x637;&#x628;&#x639;&#x629; &#x627;&#x644;&#x623;&#x648;&#x644;&#x649; </subfield>
  </datafield>
  <datafield tag="264" ind1=" " ind2="1">
    <subfield code="a">&#x645;&#x635;&#x631; : </subfield>
    <subfield code="b">[&#x627;&#x644;&#x646;&#x627;&#x634;&#x631; &#x63A;&#x64A;&#x631; &#x645;&#x62D;&#x62F;&#x62F;]&#x60C; </subfield>
    <subfield code="c">1968-1967.</subfield>
  </datafield>
  <datafield tag="300" ind1=" " ind2=" ">
    <subfield code="a">779 &#x635;&#x641;&#x62D;&#x629; &#x61B;</subfield>
    <subfield code="c">24 &#x633;&#x645;</subfield>
  </datafield>
  <datafield tag="336" ind1=" " ind2=" ">
    <subfield code="2">rda content</subfield>
    <subfield code="a">text</subfield>
  </datafield>
  <datafield tag="337" ind1=" " ind2=" ">
    <subfield code="2">rda media</subfield>
    <subfield code="a">Computer</subfield>
  </datafield>
  <datafield tag="338" ind1=" " ind2=" ">
    <subfield code="2">rda carrier</subfield>
    <subfield code="a">Online Resource</subfield>
  </datafield>
  <datafield tag="500" ind1=" " ind2=" ">
    <subfield code="a">&#x64A;&#x648;&#x62C;&#x62F; &#x641;&#x64A; &#x646;&#x647;&#x627;&#x64A;&#x629; &#x627;&#x644;&#x643;&#x62A;&#x627;&#x628;  &#x641;&#x647;&#x631;&#x633; &#x62A;&#x641;&#x635;&#x64A;&#x644;&#x64A; &#x64A;&#x62A;&#x645;&#x62B;&#x644; &#x641;&#x64A; 32 &#x635;&#x641;&#x62D;&#x629; </subfield>
  </datafield>
  <datafield tag="505" ind1=" " ind2=" ">
    <subfield code="a">&#x64A;&#x62A;&#x636;&#x645;&#x646; :
&#x634;&#x631;&#x62D; &#x648;&#x627;&#x641; &#x648;&#x62F;&#x631;&#x627;&#x633;&#x629; &#x644;&#x645;&#x648;&#x627;&#x62F; &#x627;&#x644;&#x642;&#x627;&#x646;&#x648;&#x646; &#x631;&#x642;&#x645; 308 &#x644;&#x633;&#x646;&#x629; 1955 &#x641;&#x64A; &#x634;&#x623;&#x646; &#x627;&#x644;&#x62D;&#x62C;&#x632; &#x627;&#x644;&#x625;&#x62F;&#x627;&#x631;&#x64A; &#x648;&#x627;&#x644;&#x642;&#x648;&#x627;&#x646;&#x64A;&#x646; &#x627;&#x644;&#x645;&#x639;&#x62F;&#x644;&#x629; &#x648;&#x627;&#x644;&#x642;&#x631;&#x627;&#x631;&#x627;&#x62A; &#x627;&#x644;&#x648;&#x632;&#x627;&#x631;&#x64A;&#x629; &#x627;&#x644;&#x635;&#x627;&#x62F;&#x631;&#x629; &#x62A;&#x646;&#x641;&#x64A;&#x630;&#x64B;&#x627; &#x644;&#x623;&#x62D;&#x643;&#x627;&#x645;&#x647;.
&#x627;&#x644;&#x62A;&#x639;&#x644;&#x64A;&#x642; &#x639;&#x644;&#x649; &#x647;&#x630;&#x647; &#x627;&#x644;&#x645;&#x648;&#x627;&#x62F; &#x628;&#x623;&#x631;&#x627;&#x621; &#x627;&#x644;&#x634;&#x631;&#x627;&#x62D; &#x648;&#x627;&#x644;&#x641;&#x642;&#x647;&#x627;&#x621; &#x648;&#x623;&#x62D;&#x643;&#x627;&#x645; &#x627;&#x644;&#x645;&#x62D;&#x627;&#x643;&#x645; &#x639;&#x644;&#x649; &#x627;&#x62E;&#x62A;&#x644;&#x627;&#x641; &#x62F;&#x631;&#x62C;&#x627;&#x62A;&#x647;&#x627; &#x648;&#x641;&#x62A;&#x627;&#x648;&#x64A; &#x645;&#x62C;&#x644;&#x633; &#x627;&#x644;&#x62F;&#x648;&#x644;&#x629; &#x648;&#x62A;&#x639;&#x644;&#x64A;&#x645;&#x627;&#x62A; &#x645;&#x635;&#x644;&#x62D;&#x62A;&#x64A; &#x627;&#x644;&#x636;&#x631;&#x627;&#x626;&#x628; &#x648;&#x627;&#x644;&#x623;&#x645;&#x648;&#x627;&#x644; &#x627;&#x644;&#x645;&#x642;&#x631;&#x631;&#x629; &#x648;&#x627;&#x644;&#x647;&#x64A;&#x626;&#x629; &#x627;&#x644;&#x639;&#x627;&#x645;&#x629; &#x644;&#x644;&#x62A;&#x623;&#x645;&#x64A;&#x646;&#x627;&#x62A; &#x627;&#x644;&#x627;&#x62C;&#x62A;&#x645;&#x627;&#x639;&#x64A;&#x629;.
&#x627;&#x644;&#x62A;&#x639;&#x62F;&#x64A;&#x644;&#x627;&#x62A; &#x627;&#x644;&#x62A;&#x64A; &#x623;&#x62F;&#x62E;&#x644;&#x647;&#x627; &#x645;&#x634;&#x631;&#x648;&#x639; &#x642;&#x627;&#x646;&#x648;&#x646; &#x627;&#x644;&#x645;&#x631;&#x627;&#x641;&#x639;&#x627;&#x62A; &#x627;&#x644;&#x645;&#x62F;&#x646;&#x64A;&#x629; &#x648;&#x627;&#x644;&#x62A;&#x62C;&#x627;&#x631;&#x64A;&#x629; &#x627;&#x644;&#x62C;&#x62F;&#x64A;&#x62F; &#x639;&#x644;&#x649; &#x623;&#x62D;&#x643;&#x627;&#x645; &#x648;&#x625;&#x62C;&#x631;&#x627;&#x621;&#x627;&#x62A; &#x627;&#x644;&#x62A;&#x646;&#x641;&#x64A;&#x630; &#x641;&#x64A; &#x642;&#x627;&#x646;&#x648;&#x646; &#x627;&#x644;&#x645;&#x631;&#x627;&#x641;&#x639;&#x627;&#x62A; &#x627;&#x644;&#x642;&#x627;&#x626;&#x645;.</subfield>
  </datafield>
  <datafield tag="546" ind1=" " ind2=" ">
    <subfield code="a">&#x627;&#x644;&#x646;&#x635; &#x628;&#x627;&#x644;&#x644;&#x63A;&#x629; &#x627;&#x644;&#x639;&#x631;&#x628;&#x64A;&#x629;</subfield>
  </datafield>
  <datafield tag="650" ind1="1" ind2="4">
    <subfield code="a">&#x627;&#x644;&#x625;&#x62C;&#x631;&#x627;&#x621;&#x627;&#x62A; &#x627;&#x644;&#x625;&#x62F;&#x627;&#x631;&#x64A;&#x629; &#x641;&#x64A; &#x627;&#x644;&#x642;&#x636;&#x627;&#x621;</subfield>
    <subfield code="2">qrmak</subfield>
  </datafield>
  <datafield tag="651" ind1="1" ind2=" ">
    <subfield code="2">qrmak</subfield>
  </datafield>
  <datafield tag="856" ind1="4" ind2="0">
    <subfield code="u">https://fll.law.cu.edu.eg/fulltext/bks/B07-01514.pdf</subfield>
  </datafield>
  <datafield tag="905" ind1=" " ind2=" ">
    <subfield code="a">165</subfield>
  </datafield>
  <datafield tag="942" ind1=" " ind2=" ">
    <subfield code="2">ddc</subfield>
    <subfield code="c">BK</subfield>
    <subfield code="e">21</subfield>
    <subfield code="n">0</subfield>
  </datafield>
  <datafield tag="999" ind1=" " ind2=" ">
    <subfield code="c">73674</subfield>
    <subfield code="d">73674</subfield>
  </datafield>
  <datafield tag="952" ind1=" " ind2=" ">
    <subfield code="0">0</subfield>
    <subfield code="1">0</subfield>
    <subfield code="2">ddc</subfield>
    <subfield code="4">0</subfield>
    <subfield code="7">0</subfield>
    <subfield code="8">&#x627;&#x644;&#x642;&#x627;&#x646;&#x648;&#x646; &#x627;&#x644;&#x625;&#x62F;&#x627;&#x631;&#x64A;</subfield>
    <subfield code="a">CU</subfield>
    <subfield code="b">LAW1</subfield>
    <subfield code="d">2026-04-27</subfield>
    <subfield code="l">0</subfield>
    <subfield code="o">Law1 07 345.6651 &#x639; &#x628; . &#x62D;   - 1 ed 1968 0701514 C1 </subfield>
    <subfield code="p">B07-01514</subfield>
    <subfield code="r">2026-04-27 12:14:00</subfield>
    <subfield code="t">1</subfield>
    <subfield code="w">2026-04-27</subfield>
    <subfield code="y">BK</subfield>
  </datafield>
  <datafield tag="952" ind1=" " ind2=" ">
    <subfield code="0">0</subfield>
    <subfield code="1">0</subfield>
    <subfield code="2">ddc</subfield>
    <subfield code="4">2</subfield>
    <subfield code="7">0</subfield>
    <subfield code="8">&#x627;&#x644;&#x642;&#x627;&#x646;&#x648;&#x646; &#x627;&#x644;&#x625;&#x62F;&#x627;&#x631;&#x64A;</subfield>
    <subfield code="a">CU</subfield>
    <subfield code="b">LAW1</subfield>
    <subfield code="d">2026-04-27</subfield>
    <subfield code="l">0</subfield>
    <subfield code="o">Law1 07 345.6651 &#x639; &#x628; . &#x62D; - 1 ed 1968 0702322 C2</subfield>
    <subfield code="p">B07-02322</subfield>
    <subfield code="r">2026-04-27 21:56:50</subfield>
    <subfield code="t">2</subfield>
    <subfield code="w">2026-04-27</subfield>
    <subfield code="y">BK</subfield>
  </datafield>
</record>
